Biologické markery a schizofrenie

Bibliographic Details
Main Author: Češková, Eva, 1946- (Author)
Format: Article
Language:Slovak
Czech
ISSN:1212-0383
Subjects:

MARC

LEADER 00000nab a2200000 a 4500
001 vtls000658802
003 SK-MaSNL
005 20260304092309.0
008 250425c1998 xo 0 slo
015 |a SNBRB1998/04-08924 
035 |a CLN000010994 
035 |a urn:nbn:sk:snk-abaip8 
035 |a (urnnbn)urn:nbn:sk:snk:ar-008gdi 
035 |a (uuid)57585244-9ea8-48ab-afda-b9f98f6cfe1b 
040 |a SNKBUCL  |b slo  |c SNKBUCL  |e AACR2 
041 0 |a cze 
044 |a xo  |c SK 
080 |a 616.895.8  |2 1997 
100 1 |a Češková, Eva,  |d 1946-  |4 aut  |9 208041 
245 1 0 |a Biologické markery a schizofrenie  |c E. Češková 
504 |a Res. angl., čes. Bibliogr. odkazy 
650 0 7 |a schizofrénia  |x markery biologické  |2 snkbucl  |9 1385894 
655 7 |a články z novín a časopisov  |2 snkbucl  |9 267496 
773 0 |t Česká a slovenská psychiatrie  |g Roč. 94, č. 2 (1998), s. 75-84  |x 1212-0383 
850 |a Slovenská národná knižnica 
852 |a Slovenská národná knižnica 
954 |a odborná, vedecká literatúra cudzojazyčná (svetová)  |2 lita 
958 |a article14 
958 |a NB 
958 |a OND 
958 |a EUIPO 
999 |c 2818614  |d 2820544